[Event "zonal 3.2b"]
[Site "Auckland NZL"]
[Date "2000.05.20"]
[Round "1"]
[White "Levi, Eddy"]
[Black "Dive, Russell John"]
[Result "0-1"]
[WhiteElo "2246"]
[BlackElo "2443"]
[EventDate "2000.05.20"]
[PlyCount "186"]

1.e4 Nf6 2.Nc3 d5 3.e5 Ne4 4.Qf3 Nxc3 5.dxc3 c6 6.Bd3 g6 7.Bf4 Bg7 8.Qg3 
Qb6 9.Rb1 Na6 10.Nf3 Nc5 11.O-O Nxd3 12.cxd3 Qa6 13.Nd4 c5 14.Nb3 b6 15.a3
Bf5 16.Rfd1 Qa4 17.Nd2 Qb5 18.c4 dxc4 19.Qf3 O-O 20.dxc4 Qd7 21.Ne4 Qe6 
22.Rd5 Qc6 23.Re1 Be6 24.Rd3 Qa4 25.Rc1 Rad8 26.Qd1 Qxd1+ 27.Rcxd1 Rxd3 
28.Rxd3 Bxc4 29.Rd7 Be6 30.Rxe7 Rd8 31.f3 h6 32.Rxa7 g5 33.Bg3 Rd1+ 34.Kf2
Rb1 35.Rb7 Rxb2+ 36.Kf1 Bc4+ 37.Kg1 Bd5 38.Rb8+ Kh7 39.Nxc5 h5 40.h4 gxh4 
41.Bf4 h3 42.gxh3 Bxf3 43.Nd3 Rg2+ 44.Kf1 Ra2 45.Nb4 Rxa3 46.Rxb6 Bf8 47.
Nc2 Ra2 48.Ne3 Bc5 49.Rb3 Be2+ 50.Ke1 Ba6 51.h4 Ra4 52.Bg3 Kg6 53.Kf2 Bc4 
54.Rc3 Bd4 55.Rc2 Bd5 56.Rd2 Bb7 57.Ke2 Bc5 58.Rb2 Ba8 59.Rd2 Re4 60.Rd3 
Bb7 61.Rb3 Bd5 62.Rc3 Bd4 63.Ra3 Bc5 64.Rc3 Bb6 65.Ra3 Be6 66.Kf3 Rb4 67.
Bf4 Bc8 68.Rd3 Bb7+ 69.Kg3 Bc5 70.Rc3 Ba7 71.Ra3 Bb8 72.Ra5 Rb3 73.Kf2 f6 
74.Rc5 Ba7 75.Rc7 fxe5 76.Bg5 Bd4 77.Rd7 Rb6 78.Kg3 Be4 79.Re7 Rb7 80.Re6+
Kg7 81.Nc4 Bd5 82.Rxe5 Bxe5+ 83.Nxe5 Rb4 84.Be3 Re4 85.Bf4 Bb7 86.Nd3 Kg6 
87.Nc5 Rb4 88.Ne6 Rb3+ 89.Kh2 Bd5 90.Nd4 Rd3 91.Ne2 Kf5 92.Bg5 Kg4 93.Bf6 
Rd2 0-1

[Event "zonal 3.2b"]
[Site "Auckland NZL"]
[Date "2000.05.20"]
[Round "1"]
[White "Wohl, Aleksandar"]
[Black "Zhao, Zong Yuan"]
[Result "1-0"]
[WhiteElo "2438"]
[BlackElo "2242"]
[EventDate "2000.05.20"]
[PlyCount "47"]

1.Nf3 e6 2.b3 f5 3.Bb2 Nf6 4.d3 b6 5.g3 Bb7 6.Bg2 d5 7.O-O Bd6 8.Nbd2 O-O 
9.e4 fxe4 10.dxe4 Nxe4 11.Nxe4 dxe4 12.Nd2 Nd7 13.Nxe4 Qe7 14.Qh5 Rf5 15.
Qe2 Be5 16.Bxe5 Nxe5 17.f4 Nc6 18.Rad1 e5 19.Bh3 Rff8 20.Rd7 Qb4 21.c3 Qa3
22.Rxc7 Bc8 23.Bxc8 Raxc8 24.Qc4+ 1-0

[Event "zonal 3.2b"]
[Site "Auckland NZL"]
[Date "2000.05.20"]
[Round "1"]
[White "Lukey, Stephen"]
[Black "Kulashko, Aleksei"]
[Result "0-1"]
[WhiteElo "2235"]
[BlackElo "2382"]
[EventDate "2000.05.20"]
[PlyCount "80"]

1.d4 Nf6 2.c4 c5 3.d5 d6 4.Nc3 g6 5.e4 Bg7 6.Nf3 Bg4 7.Be2 Bxf3 8.Bxf3 O-O
9.O-O Nfd7 10.Bg5 Na6 11.Qd2 Nc7 12.Bh6 Rb8 13.Bxg7 Kxg7 14.Be2 a6 15.a4 
Ne8 16.f4 Qa5 17.Ra3 Nef6 18.Qe3 Qc7 19.g4 Rbe8 20.Qg3 Ng8 21.Qh4 e6 22.g5
Qb6 23.Nd1 exd5 24.Bg4 Qd8 25.Rh3 h6 26.exd5 Re4 27.Ne3 f6 28.gxh6+ Kh7 
29.Be6 Ne7 30.Qg4 f5 31.Qg2 Nf6 32.b3 Qe8 33.Bxf5 Nxf5 34.Nxf5 Re2 35.Qg3 
Ne4 36.Qg4 Nf6 37.Qg3 Ne4 38.Qf3 gxf5 39.Qxe2 Rg8+ 40.Kh1 Ng3+ 0-1

[Event "zonal 3.2b"]
[Site "Auckland NZL"]
[Date "2000.05.20"]
[Round "1"]
[White "Garbett, Paul Anthony"]
[Black "Tindall, Brett"]
[Result "1-0"]
[WhiteElo "2360"]
[BlackElo "2194"]
[EventDate "2000.05.20"]
[PlyCount "97"]

1.e4 c5 2.Nf3 d6 3.d4 cxd4 4.Nxd4 Nf6 5.Nc3 g6 6.g3 Bg7 7.Bg2 O-O 8.h3 Nc6
9.Nde2 Be6 10.O-O Rb8 11.b3 Qd7 12.Kh2 Rfd8 13.f4 Rbc8 14.Bb2 a6 15.Rb1 b5
16.Nd5 Bxd5 17.exd5 Nb8 18.Qd2 Qc7 19.Rfc1 Nbd7 20.Nd4 Re8 21.c4 Qb7 22.
Nc6 Nc5 23.Bd4 Qd7 24.cxb5 axb5 25.Bxc5 dxc5 26.Rxc5 h5 27.Rbc1 Ra8 28.Bf3
Bh6 29.h4 e5 30.Qb2 exf4 31.Qxf6 fxg3+ 32.Kxg3 Bxc1 33.Rxc1 Re3 34.Ne5 Qa7
35.d6 Rf8 36.Nc6 Qd7 37.Qf4 Re6 38.Rd1 Rfe8 39.Ne7+ Kg7 40.Bc6 Qd8 41.Bxe8
Qxe8 42.Qd4+ Kh7 43.Nd5 f5 44.d7 Qd8 45.Qf4 Re4 46.Nf6+ Qxf6 47.d8=Q Qc3+ 
48.Qd3 Qf6 49.Qdxe4 1-0

[Event "zonal 3.2b"]
[Site "Auckland NZL"]
[Date "2000.05.20"]
[Round "1"]
[White "Guthrie, David"]
[Black "Ker, Anthony"]
[Result "0-1"]
[WhiteElo "2138"]
[BlackElo "2321"]
[EventDate "2000.05.20"]
[PlyCount "78"]

1.d4 Nf6 2.c4 c5 3.d5 b5 4.Nf3 g6 5.cxb5 a6 6.Qc2 d6 7.e4 Bg7 8.Nc3 O-O 9.
a4 Nbd7 10.Rb1 Ne8 11.Be2 axb5 12.axb5 Nb6 13.O-O Bd7 14.Be3 f5 15.exf5 
Bxf5 16.Bd3 Nc7 17.Rbd1 Qd7 18.Rfe1 Ncxd5 19.Nxd5 Nxd5 20.Qb3 e6 21.Bc1 
Bxd3 22.Rxd3 Kh8 23.Ng5 Bd4 24.Nf3 Bf6 25.Bh6 Rfe8 26.Ng5 Rab8 27.Rf3 Rxb5
28.Qa4 Rb7 29.Qg4 Rb4 30.Ne4 Bxb2 31.Bg5 Bg7 32.Qg3 e5 33.h4 Nf4 34.Bxf4 
exf4 35.Qxf4 d5 36.Rd3 Qe6 37.Qc7 Rxe4 38.Rde3 Qe7 39.Rxe4 dxe4 0-1

[Event "zonal 3.2b"]
[Site "Auckland NZL"]
[Date "2000.05.20"]
[Round "1"]
[White "Smith, Robert"]
[Black "Ilic, Ilija"]
[Result "1-0"]
[WhiteElo "2300"]
[BlackElo "2096"]
[EventDate "2000.05.20"]
[PlyCount "87"]

1.Nf3 d6 2.d4 Nf6 3.g3 g6 4.Bg2 Bg7 5.O-O O-O 6.c4 c6 7.Nc3 Nbd7 8.h3 e5 
9.e4 a6 10.a4 Re8 11.Be3 Qe7 12.d5 c5 13.a5 h6 14.Qd2 Kh7 15.Ne1 Nf8 16.
Na4 N6d7 17.b4 cxb4 18.Rb1 f5 19.Rxb4 fxe4 20.c5 dxc5 21.Rxe4 Qd6 22.Rh4 
h5 23.Rc4 b5 24.axb6 Nxb6 25.Nxb6 Qxb6 26.Rxc5 Qd8 27.Nf3 Bb7 28.Rb1 Rb8 
29.Kh2 Ba8 30.Rbc1 Rb7 31.Ng5+ Kh8 32.Qc2 Qb8 33.Rc8 Rxc8 34.Qxc8 Rb5 35.
Ne6 Qxc8 36.Rxc8 Bb7 37.Rd8 Kg8 38.Nxf8 Bf6 39.Rb8 Kf7 40.Nd7 Bg7 41.Nc5 
Bc6 42.Nxa6 Rxb8 43.Nxb8 Bb7 44.Nc6 1-0

[Event "zonal 3.2b"]
[Site "Auckland NZL"]
[Date "2000.05.21"]
[Round "2"]
[White "Dive, Russell John"]
[Black "Garbett, Paul Anthony"]
[Result "0-1"]
[WhiteElo "2443"]
[BlackElo "2360"]
[EventDate "2000.05.20"]
[PlyCount "72"]

1.d4 Nf6 2.c4 d6 3.Nc3 e5 4.g3 c6 5.Bg2 Be7 6.e4 O-O 7.h3 a6 8.Nf3 Qc7 9.
Be3 b5 10.cxb5 axb5 11.a3 Nbd7 12.O-O Re8 13.Qc2 Qb7 14.b4 Bf8 15.Nd2 Nb6 
16.Rfc1 Be6 17.Bf1 g6 18.Nd1 Rac8 19.Nb2 exd4 20.Bxd4 Bg7 21.Bg2 d5 22.
exd5 Bxd5 23.Bxd5 Nfxd5 24.Bxg7 Kxg7 25.Re1 Qd7 26.Kh2 h5 27.Nf3 Qd6 28.
Nd3 Nc4 29.a4 Qf6 30.Ng1 h4 31.axb5 cxb5 32.Rxe8 Rxe8 33.Rd1 hxg3+ 34.Kxg3
Qd6+ 35.Kf3 Re6 36.Nc5 Qf4+ 0-1

[Event "zonal 3.2b"]
[Site "Auckland NZL"]
[Date "2000.05.21"]
[Round "2"]
[White "Ker, Anthony"]
[Black "Wohl, Aleksandar"]
[Result "1/2-1/2"]
[WhiteElo "2321"]
[BlackElo "2438"]
[EventDate "2000.05.20"]
[PlyCount "87"]

1.d4 Nf6 2.Bg5 e6 3.Nd2 c5 4.Ne4 d5 5.Bxf6 gxf6 6.Nxc5 Bxc5 7.dxc5 Qa5+ 8.
Qd2 Qxc5 9.g3 Nc6 10.Nf3 e5 11.Bg2 Be6 12.O-O h5 13.Nh4 O-O-O 14.c3 Kb8 
15.e3 Ne7 16.Qd3 Qc8 17.Rfd1 Bh3 18.e4 Bxg2 19.Kxg2 Qc6 20.Kg1 Qe6 21.exd5
Rxd5 22.Qf3 e4 23.Qf4+ Re5 24.c4 Rg8 25.Ng2 Ng6 26.Qd2 Rc5 27.Nf4 Nxf4 28.
Qxf4+ Qe5 29.Qxe5+ fxe5 30.b3 h4 31.Rd7 f5 32.Rh7 hxg3 33.hxg3 Rc7 34.Rh5 
Rf7 35.Rd1 e3 36.fxe3 Rxg3+ 37.Kf2 Rg6 38.Rd5 Re6 39.e4 fxe4+ 40.Ke3 Ra6 
41.Rh2 Re6 42.Rh5 Ra6 43.Rd2 Re6 44.Rd5 1/2-1/2

[Event "zonal 3.2b"]
[Site "Auckland NZL"]
[Date "2000.05.21"]
[Round "2"]
[White "Kulashko, Aleksei"]
[Black "Smith, Robert"]
[Result "1-0"]
[WhiteElo "2382"]
[BlackElo "2300"]
[EventDate "2000.05.20"]
[PlyCount "55"]

1.e4 c6 2.d4 d5 3.exd5 cxd5 4.c4 Nf6 5.Nc3 e6 6.Nf3 Bb4 7.cxd5 Nxd5 8.Bd2 
O-O 9.Bd3 Be7 10.O-O Nc6 11.Nxd5 Qxd5 12.Bc3 Bf6 13.Qc2 g6 14.Be4 Qd6 15.
Rad1 Ne7 16.h4 Nd5 17.h5 Bd7 18.Rfe1 Kg7 19.Ne5 Nxc3 20.Qxc3 Rac8 21.Qf3 
Be7 22.Bxb7 Rc2 23.d5 Qc7 24.h6+ Kxh6 25.Ng4+ Kg5 26.d6 Bxd6 27.Qf6+ Kxg4 
28.Bf3# 1-0

[Event "zonal 3.2b"]
[Site "Auckland NZL"]
[Date "2000.05.21"]
[Round "2"]
[White "Zhao, Zong Yuan"]
[Black "Guthrie, David"]
[Result "1-0"]
[WhiteElo "2242"]
[BlackElo "2138"]
[EventDate "2000.05.20"]
[PlyCount "73"]

1.e4 c5 2.c3 Nf6 3.e5 Nd5 4.d4 cxd4 5.Nf3 e6 6.cxd4 b6 7.Nc3 Nxc3 8.bxc3 
Qc7 9.Bd2 Bb7 10.Bd3 d6 11.O-O Nd7 12.Ng5 dxe5 13.Qh5 g6 14.Qh3 Be7 15.
Rae1 Bxg5 16.Bxg5 O-O 17.dxe5 Nxe5 18.Bf4 f6 19.Bxe5 fxe5 20.Qxe6+ Qf7 21.
Bc4 Qxe6 22.Bxe6+ Kg7 23.Rxe5 Rfe8 24.Rfe1 Rad8 25.Bb3 Rxe5 26.Rxe5 Rd7 
27.f3 Kf6 28.Re6+ Kf5 29.Kf2 Bd5 30.Re2 Bxb3 31.axb3 Rd3 32.Rc2 Rd1 33.Ke3
a5 34.Rb2 h5 35.b4 axb4 36.Rxb4 Rg1 37.Rb5+ 1-0

[Event "zonal 3.2b"]
[Site "Auckland NZL"]
[Date "2000.05.21"]
[Round "2"]
[White "Ilic, Ilija"]
[Black "Lukey, Stephen"]
[Result "0-1"]
[WhiteElo "2096"]
[BlackElo "2235"]
[EventDate "2000.05.20"]
[PlyCount "126"]

1.d4 d5 2.Nc3 Nf6 3.f3 e6 4.e3 c5 5.a3 Nc6 6.Nge2 Bd7 7.g3 Rc8 8.Bg2 Qb6 
9.O-O cxd4 10.exd4 Be7 11.Kh1 O-O 12.h4 Rfd8 13.Qd2 a6 14.Na4 Qa7 15.b3 b5
16.Nb2 a5 17.c3 Rc7 18.Nd3 Rdc8 19.Bb2 Be8 20.Rfc1 Nd7 21.Nef4 Nb6 22.Bh3 
Qb8 23.Qe1 Bd6 24.Ne2 Ne7 25.Rab1 Qa8 26.Nef4 Kh8 27.h5 h6 28.Ne5 Nd7 29.
Nfd3 Nc6 30.f4 Nf6 31.g4 Ne4 32.Bg2 Nxe5 33.dxe5 Be7 34.Kh2 Qb7 35.Kh3 Bc6
36.Qe2 Qb6 37.Re1 Bb7 38.Bxe4 dxe4 39.Nf2 Rd7 40.Rbd1 Rcd8 41.Rxd7 Rxd7 
42.Bc1 e3 43.Bxe3 Qc6 44.Nd1 Bxa3 45.Rg1 Be7 46.g5 hxg5 47.fxg5 Qf3+ 48.
Qxf3 Bxf3 49.Nf2 Bxh5 50.Kg3 Bg6 51.Ra1 Bd8 52.Kf4 Bc2 53.c4 b4 54.c5 Bc7 
55.Ra2 Bxb3 56.Rd2 Rxd2 57.Bxd2 Bc2 58.Ne4 Bxe4 59.Kxe4 Kg8 60.Kd4 Kf8 61.
c6 Ke8 62.Kc5 Kd8 63.Kb5 Bxe5 0-1

[Event "zonal 3.2b"]
[Site "Auckland NZL"]
[Date "2000.05.22"]
[Round "3"]
[White "Dive, Russell John"]
[Black "Ker, Anthony"]
[Result "1/2-1/2"]
[WhiteElo "2443"]
[BlackElo "2321"]
[EventDate "2000.05.20"]
[PlyCount "30"]

1.c4 c5 2.Nc3 g6 3.g3 Bg7 4.Bg2 Nc6 5.e3 e6 6.Nge2 Nge7 7.d4 cxd4 8.exd4 
d5 9.cxd5 exd5 10.Bg5 Be6 11.Qd2 O-O 12.O-O Qd7 13.Rfe1 Nf5 14.Be3 Rfe8 
15.Rad1 Rad8 1/2-1/2

[Event "zonal 3.2b"]
[Site "Auckland NZL"]
[Date "2000.05.22"]
[Round "3"]
[White "Garbett, Paul Anthony"]
[Black "Kulashko, Aleksei"]
[Result "0-1"]
[WhiteElo "2360"]
[BlackElo "2382"]
[EventDate "2000.05.20"]
[PlyCount "90"]

1.e4 g6 2.d4 Bg7 3.Nc3 d6 4.Nf3 a6 5.Be3 b5 6.Bd3 Bb7 7.Qd2 Nd7 8.d5 c5 9.
dxc6 Bxc6 10.Bd4 Ngf6 11.O-O O-O 12.Rfe1 e5 13.Be3 b4 14.Nd5 Bxd5 15.Qxb4 
Bxe4 16.Bxe4 d5 17.Rad1 dxe4 18.Nxe5 Qb8 19.Qxb8 Nxb8 20.Rd2 Re8 21.Nc4 
Nbd7 22.Red1 Ne5 23.Nb6 Rab8 24.b3 Neg4 25.Nc4 Nxe3 26.Nxe3 Bf8 27.h3 Be7 
28.c4 Kf8 29.g4 h6 30.Kg2 Bb4 31.Rd4 Bc5 32.R4d2 Bxe3 33.fxe3 Ke7 34.Kg3 
g5 35.Rf1 Red8 36.Rdf2 Rb6 37.h4 Rd3 38.hxg5 hxg5 39.Re2 Nd7 40.Rf5 f6 41.
Ra5 Rc6 42.Kf2 Ne5 43.Kg3 Ke6 44.Ra4 Rd1 45.c5 Kd5 0-1

[Event "zonal 3.2b"]
[Site "Auckland NZL"]
[Date "2000.05.22"]
[Round "3"]
[White "Wohl, Aleksandar"]
[Black "Watson, Bruce"]
[Result "1-0"]
[WhiteElo "2438"]
[BlackElo "2260"]
[EventDate "2000.05.20"]
[PlyCount "169"]

1.e4 c5 2.Nf3 e6 3.b3 d6 4.Bb2 Nf6 5.Bb5+ Bd7 6.Qe2 Nc6 7.O-O Be7 8.c3 a6 
9.Bd3 O-O 10.Bc2 e5 11.d3 g6 12.Nbd2 Nh5 13.Rad1 b5 14.d4 Qc7 15.Rc1 Rfe8 
16.Qe3 Bf8 17.Bd1 Qa7 18.dxe5 dxe5 19.g3 h6 20.Nh4 Nf6 21.Bf3 Be6 22.Ng2 
Red8 23.Rfd1 Rd7 24.Qe2 Rad8 25.Ne3 c4 26.bxc4 bxc4 27.Ndxc4 Bc5 28.Rxd7 
Rxd7 29.Kg2 a5 30.Ba3 a4 31.Bxc5 Qxc5 32.Rb1 Na5 33.Nb6 Rb7 34.Rb5 Qxc3 
35.Nxa4 Qc7 36.Rc5 Qd8 37.h4 Rb1 38.Nc3 Qd4 39.Rc7 Ra1 40.Nc2 Qb6 41.Rxf7 
Bxf7 42.Nxa1 Qd4 43.Qe1 Kg7 44.Nc2 Qd3 45.Nb4 Qd4 46.Nbd5 Nc4 47.Nb5 Qb2 
48.Nxf6 Qxb5 49.Nd5 Qb2 50.Qe2 Qd4 51.Qc2 Nb2 52.Qc3 Bxd5 53.Qxd4 exd4 54.
exd5 d3 55.Kf1 d2 56.a4 d1=Q+ 57.Bxd1 Nxd1 58.a5 Nc3 59.a6 Nxd5 60.a7 Nb6 
61.Ke2 Kf6 62.Ke3 Ke5 63.g4 g5 64.h5 Na8 65.f3 Nb6 66.Kd3 Na8 67.Kc4 Nb6+ 
68.Kb5 Na8 69.Kc5 Nc7 70.Kc6 Na8 71.Kd7 Kd5 72.Ke7 Ke5 73.Kf7 Nb6 74.Kg6 
Ke6 75.Kxh6 Kf6 76.Kh7 Kf7 77.h6 Na8 78.f4 gxf4 79.g5 f3 80.g6+ Ke7 81.g7 
f2 82.g8=Q f1=Q 83.Qg5+ Kf8 84.Kg6 Qc4 85.Qd8# 1-0

[Event "zonal 3.2b"]
[Site "Auckland NZL"]
[Date "2000.05.22"]
[Round "3"]
[White "Smith, Robert"]
[Black "Tindall, Brett"]
[Result "1/2-1/2"]
[WhiteElo "2300"]
[BlackElo "2194"]
[EventDate "2000.05.20"]
[PlyCount "89"]

1.e4 c5 2.d3 Nc6 3.g3 g6 4.Bg2 Bg7 5.Nf3 e6 6.O-O Nge7 7.Nbd2 O-O 8.Re1 d6
9.Nf1 Bd7 10.h4 b5 11.h5 Rc8 12.N1h2 e5 13.c3 d5 14.hxg6 hxg6 15.Ng5 d4 
16.Bh3 c4 17.cxd4 Nxd4 18.Bxd7 Qxd7 19.dxc4 Rxc4 20.Be3 Nec6 21.Kg2 Rd8 
22.b3 Rc2 23.Ngf3 Rc3 24.Nxd4 Nxd4 25.Bxd4 Qxd4 26.Nf3 Qd3 27.Qxd3 Rdxd3 
28.Ng1 Bf8 29.Rad1 Bc5 30.Rxd3 Rxd3 31.Nf3 f6 32.Rc1 Bb6 33.Rc2 Rd7 34.Rd2
Rc7 35.Re2 Kf7 36.g4 g5 37.Nh2 Ke6 38.Nf1 Kd6 39.Rd2+ Kc6 40.a3 Bc5 41.b4 
Bd4 42.Rc2+ Kd6 43.Rxc7 Kxc7 44.Ne3 Bxe3 45.fxe3 1/2-1/2

[Event "zonal 3.2b"]
[Site "Auckland NZL"]
[Date "2000.05.22"]
[Round "3"]
[White "Lukey, Stephen"]
[Black "Zhao, Zong Yuan"]
[Result "1/2-1/2"]
[WhiteElo "2235"]
[BlackElo "2242"]
[EventDate "2000.05.20"]
[PlyCount "101"]

1.d4 Nf6 2.c4 g6 3.Nc3 d5 4.cxd5 Nxd5 5.e4 Nxc3 6.bxc3 Bg7 7.Nf3 c5 8.Be3 
O-O 9.Rc1 cxd4 10.cxd4 Qa5+ 11.Qd2 Qxd2+ 12.Nxd2 Nc6 13.Nb3 Rd8 14.d5 Nb4 
15.a3 Na2 16.Rc2 Nc3 17.Bd3 e6 18.Bg5 Rd6 19.Kd2 exd5 20.e5 Bxe5 21.Rxc3 
f6 22.Bh4 Bxc3+ 23.Kxc3 Bf5 24.Bxf5 gxf5 25.Bg3 Rc8+ 26.Kb2 Re6 27.Rd1 
Re2+ 28.Rd2 Rxd2+ 29.Nxd2 d4 30.Bf4 Kf7 31.Nf3 Re8 32.g3 Re2+ 33.Kb3 Rxf2 
34.Nxd4 Rxh2 35.Nxf5 Ke6 36.Nd6 Rf2 37.Nxb7 Rxf4 38.gxf4 h5 39.Kc3 h4 40.
Kd2 h3 41.Nc5+ Kf5 42.Ke3 h2 43.Ne4 Kg4 44.Nf2+ Kg3 45.f5 Kg2 46.Ke2 Kg3 
47.Ke3 a6 48.a4 a5 49.Nh1+ Kg2 50.Ke2 Kxh1 51.Kf1 1/2-1/2

[Event "zonal 3.2b"]
[Site "Auckland NZL"]
[Date "2000.05.22"]
[Round "3"]
[White "Levi, Eddy"]
[Black "Guthrie, David"]
[Result "1/2-1/2"]
[WhiteElo "2246"]
[BlackElo "2138"]
[EventDate "2000.05.20"]
[PlyCount "118"]

1.e4 c5 2.Nc3 Nc6 3.f4 g6 4.Nf3 Bg7 5.Bb5 Nd4 6.O-O Nxb5 7.Nxb5 d5 8.e5 
Bg4 9.d4 a6 10.Nc3 cxd4 11.Qxd4 e6 12.b3 Bf8 13.Ba3 Bxa3 14.Qa4+ b5 15.
Qxa3 Qb6+ 16.Kh1 Rc8 17.Ne2 Ne7 18.Ned4 Rc7 19.Qd6 Nc8 20.Qb4 Qc5 21.Qd2 
Qc3 22.Qd1 Ne7 23.h3 Bf5 24.Qe2 O-O 25.Qf2 Be4 26.Ng5 Nf5 27.Nxf5 exf5 28.
Qh4 h5 29.e6 f6 30.Nxe4 dxe4 31.Rad1 Qc6 32.Qe1 Qxe6 33.Qb4 e3 34.Rfe1 
Rxc2 35.Rd6 Qe7 36.Qd4 Re8 37.Rxf6 Kh7 38.Rxa6 Rc7 39.Qb6 Qg7 40.Rxe3 Rb7 
41.Qc5 Rc7 42.Qb6 Rb7 43.Ra7 Rxb6 44.Rxg7+ Kxg7 45.Rxe8 Ra6 46.Rb8 Rxa2 
47.Rxb5 Rf2 48.Rb4 Rb2 49.h4 Kf6 50.Rb8 Rf2 51.g3 Rb2 52.b4 Ke6 53.Rb6+ 
Kd5 54.Rxg6 Ke4 55.Rg5 Kf3 56.Rxf5 Rb1+ 57.Kh2 Rb2+ 58.Kh3 Rb1 59.Kh2 Rb2+
1/2-1/2

[Event "zonal 3.2b"]
[Site "Auckland NZL"]
[Date "2000.05.23"]
[Round "4"]
[White "Kulashko, Aleksei"]
[Black "Wohl, Aleksandar"]
[Result "0-1"]
[WhiteElo "2382"]
[BlackElo "2438"]
[EventDate "2000.05.20"]
[PlyCount "82"]

1.Nf3 c5 2.e4 Nc6 3.Bb5 Nf6 4.Qe2 Qc7 5.Nc3 e6 6.Bxc6 Qxc6 7.d4 cxd4 8.
Nxd4 Qb6 9.Nb3 Bb4 10.Bd2 O-O 11.a3 Be7 12.Be3 Qc7 13.f4 a6 14.O-O d6 15.
Rad1 b5 16.f5 Bb7 17.Bf4 exf5 18.exf5 Rfe8 19.Nd4 Bf8 20.Qd3 Rac8 21.Qg3 
Nh5 22.Qg4 Nxf4 23.Rxf4 Re5 24.Nf3 Qc5+ 25.Kh1 Re3 26.Ng5 h6 27.Nge4 Qe5 
28.Ng3 Re8 29.Rdf1 Re1 30.h3 Rxf1+ 31.Rxf1 d5 32.Rd1 Bd6 33.Nf1 Bxa3 34.
Nxd5 Bf8 35.Nc3 b4 36.Na4 Qe2 37.Rc1 Qxg4 38.hxg4 Re2 39.Kh2 Bd6+ 40.Kh3 
Bxg2+ 41.Kh4 Bxf1 0-1

[Event "zonal 3.2b"]
[Site "Auckland NZL"]
[Date "2000.05.23"]
[Round "4"]
[White "Ker, Anthony"]
[Black "Garbett, Paul Anthony"]
[Result "1-0"]
[WhiteElo "2321"]
[BlackElo "2360"]
[EventDate "2000.05.20"]
[PlyCount "61"]

1.d4 d5 2.c4 c6 3.cxd5 cxd5 4.Nc3 Nf6 5.Bf4 Nc6 6.e3 a6 7.Bd3 Bg4 8.Nge2 
Bxe2 9.Qxe2 e6 10.Rc1 Bd6 11.Bg5 Rc8 12.O-O h6 13.Bh4 Qc7 14.Bxf6 gxf6 15.
Qh5 Qe7 16.e4 dxe4 17.Bxe4 f5 18.Bxf5 Qg5 19.Bg4 Nxd4 20.Ne4 Qxh5 21.Nxd6+
Kd7 22.Bxh5 Rxc1 23.Rxc1 Kxd6 24.Rd1 e5 25.Bxf7 Rc8 26.Bg6 b5 27.f3 Ke6 
28.Be4 a5 29.Kf2 a4 30.g4 b4 31.Rxd4 1-0

[Event "zonal 3.2b"]
[Site "Auckland NZL"]
[Date "2000.05.23"]
[Round "4"]
[White "Tindall, Brett"]
[Black "Dive, Russell John"]
[Result "1-0"]
[WhiteElo "2194"]
[BlackElo "2443"]
[EventDate "2000.05.20"]
[PlyCount "63"]

1.e4 Nf6 2.e5 Nd5 3.c4 Nb6 4.d4 d6 5.exd6 cxd6 6.Nc3 g6 7.Be3 Bg7 8.Rc1 
O-O 9.b3 e5 10.dxe5 dxe5 11.Qxd8 Rxd8 12.c5 N6d7 13.Nf3 Nc6 14.Ne4 Nd4 15.
Bc4 Nf8 16.Nd6 Nxf3+ 17.gxf3 Rd7 18.Ke2 h6 19.b4 Re7 20.Nxc8 Rxc8 21.Rhd1 
Rd7 22.b5 g5 23.Rxd7 Nxd7 24.Bd5 b6 25.cxb6 Nxb6 26.Rxc8+ Nxc8 27.a4 Bf8 
28.a5 Bb4 29.b6 axb6 30.axb6 Ne7 31.b7 Bd6 32.Bc5 1-0

[Event "zonal 3.2b"]
[Site "Auckland NZL"]
[Date "2000.05.23"]
[Round "4"]
[White "Zhao, Zong Yuan"]
[Black "Smith, Robert"]
[Result "1-0"]
[WhiteElo "2242"]
[BlackElo "2300"]
[EventDate "2000.05.20"]
[PlyCount "109"]

1.e4 g6 2.d4 Bg7 3.Nc3 d6 4.Be3 c6 5.Qd2 Nd7 6.Nf3 h6 7.Bd3 Qc7 8.O-O Ngf6
9.h3 a6 10.a4 a5 11.Nh2 e5 12.Rae1 Nh5 13.d5 g5 14.dxc6 bxc6 15.Be2 Ndf6 
16.Rd1 Bf8 17.Ng4 Nxg4 18.Bxg4 Nf4 19.Bxf4 gxf4 20.Bxc8 Qxc8 21.Qe2 Qe6 
22.Rd3 Rb8 23.b3 Rg8 24.Nb1 Qg6 25.Qf3 Rc8 26.Re1 Be7 27.Nd2 Bd8 28.Nc4 
Bc7 29.Red1 Rd8 30.Kf1 Ke7 31.g3 fxg3 32.fxg3 Qe6 33.Kg2 d5 34.Ne3 dxe4 
35.Qxe4 Rxd3 36.Rxd3 Rg5 37.g4 h5 38.Nf5+ Kf8 39.Kf3 hxg4+ 40.hxg4 Kg8 41.
Rc3 Qd7 42.Ke2 Rg6 43.Rxc6 Rxc6 44.Qxc6 Qxc6 45.Ne7+ Kg7 46.Nxc6 f5 47.
gxf5 Kf6 48.b4 axb4 49.a5 Kxf5 50.a6 Bb6 51.a7 Bxa7 52.Nxa7 b3 53.cxb3 Ke4
54.Nb5 Kd5 55.Na3 1-0

[Event "zonal 3.2b"]
[Site "Auckland NZL"]
[Date "2000.05.23"]
[Round "4"]
[White "Watson, Bruce"]
[Black "Lukey, Stephen"]
[Result "1/2-1/2"]
[WhiteElo "2260"]
[BlackElo "2235"]
[EventDate "2000.05.20"]
[PlyCount "86"]

1.Nf3 Nf6 2.g3 g6 3.Bg2 Bg7 4.O-O O-O 5.c4 d6 6.Nc3 e5 7.d3 Nc6 8.Rb1 h6 
9.b4 Be6 10.b5 Ne7 11.a4 Qd7 12.Ba3 Bh3 13.c5 Bxg2 14.Kxg2 Ned5 15.Nxd5 
Nxd5 16.Qb3 dxc5 17.Bxc5 Rfe8 18.Rbc1 e4 19.dxe4 Rxe4 20.Rcd1 Rd8 21.e3 
Qe6 22.Rd3 Kh7 23.Bd4 Nf4+ 24.exf4 Qxb3 25.Rxb3 Bxd4 26.Rd1 Bf6 27.Rxd8 
Bxd8 28.Rd3 Bf6 29.Rd7 Re7 30.Rd8 a6 31.bxa6 bxa6 32.Ra8 Re6 33.Ra7 Rc6 
34.Ne5 Bxe5 35.fxe5 g5 36.g4 Kg7 37.f4 gxf4 38.Kf3 Kf8 39.h4 Ke7 40.Ra8 
Ke6 41.Re8+ Kd7 42.Ra8 Ke6 43.Re8+ Kd7 1/2-1/2

[Event "zonal 3.2b"]
[Site "Auckland NZL"]
[Date "2000.05.23"]
[Round "4"]
[White "Ilic, Ilija"]
[Black "Levi, Eddy"]
[Result "0-1"]
[WhiteElo "2096"]
[BlackElo "2246"]
[EventDate "2000.05.20"]
[PlyCount "60"]

1.d4 Nf6 2.Nc3 d5 3.Bf4 Bf5 4.Qd2 e6 5.e3 c5 6.f3 Nc6 7.g4 Bg6 8.h4 h5 9.
g5 Nd7 10.Nh3 Rc8 11.dxc5 Nxc5 12.Bb5 Qb6 13.Be5 Nd7 14.Bd4 Nxd4 15.exd4 
Bb4 16.Nf4 Qa5 17.Bxd7+ Kxd7 18.Nfe2 Rc4 19.Kf2 Rhc8 20.a3 Bd6 21.Nf4 Bxf4
22.Qxf4 Qb6 23.Qe5 Qxb2 24.Ne2 Rxc2 25.Rae1 Bd3 26.Qxg7 Rxe2+ 27.Rxe2 
Qxe2+ 28.Kg3 Bg6 29.Rh2 Qe1+ 30.Kf4 Rc4 0-1

[Event "zonal 3.2b"]
[Site "Auckland NZL"]
[Date "2000.05.24"]
[Round "5"]
[White "Ker, Anthony"]
[Black "Kulashko, Aleksei"]
[Result "1/2-1/2"]
[WhiteElo "2321"]
[BlackElo "2382"]
[EventDate "2000.05.20"]
[PlyCount "61"]

1.d4 Nf6 2.Bg5 Ne4 3.Bh4 g5 4.f3 gxh4 5.fxe4 d5 6.exd5 Qxd5 7.Nc3 Qa5 8.e4
Bg7 9.Qd2 Nc6 10.Nd5 Qxd2+ 11.Kxd2 Kd8 12.c3 e5 13.dxe5 Nxe5 14.Nf3 h3 15.
Nxe5 Bxe5 16.g3 h5 17.Be2 h4 18.g4 c6 19.Ne3 Kc7 20.Raf1 Be6 21.Bc4 Rad8+ 
22.Ke2 Rd7 23.Bxe6 fxe6 24.Nc4 Bg7 25.Nd2 Bh6 26.Nf3 Rg8 27.Rhg1 Rdg7 28.
Ne5 Rd8 29.Nf3 Rdg8 30.Ne5 Rd8 31.Nf3 1/2-1/2

[Event "zonal 3.2b"]
[Site "Auckland NZL"]
[Date "2000.05.24"]
[Round "5"]
[White "Wohl, Aleksandar"]
[Black "Tindall, Brett"]
[Result "1-0"]
[WhiteElo "2438"]
[BlackElo "2194"]
[EventDate "2000.05.20"]
[PlyCount "105"]

1.Nf3 c5 2.g3 Nc6 3.c4 e5 4.Nc3 g6 5.Bg2 Bg7 6.O-O Nge7 7.Ne1 O-O 8.Nc2 d6
9.a3 Be6 10.d3 d5 11.cxd5 Nxd5 12.Ne3 Nxc3 13.bxc3 Qd7 14.Rb1 Rad8 15.c4 
b6 16.Re1 Ne7 17.Qb3 f5 18.Qb5 Qd6 19.a4 f4 20.Nf1 f3 21.Bxf3 Rxf3 22.exf3
Nf5 23.Be3 Bd7 24.Qa6 Bc6 25.Qxa7 Bxf3 26.Qxb6 Qxd3 27.Rb3 Qd7 28.Bg5 Nd4 
29.Qxd8+ Qxd8 30.Bxd8 Nxb3 31.a5 Ba8 32.h4 Nd4 33.Nd2 Ne6 34.Bg5 Nd4 35.
Rb1 Nc6 36.Be3 Bf8 37.Ne4 Nxa5 38.Nf6+ Kg7 39.Ra1 Kxf6 40.Rxa5 Be4 41.Bxc5
Bxc5 42.Rxc5 Ke6 43.Rc7 h6 44.c5 Kd5 45.Kf1 Bd3+ 46.Ke1 Bb5 47.Kd2 Bc6 48.
Rg7 Be8 49.Re7 Bc6 50.Ke3 Kxc5 51.Re6 Kd5 52.Rxg6 h5 53.Rg5 1-0

[Event "zonal 3.2b"]
[Site "Auckland NZL"]
[Date "2000.05.24"]
[Round "5"]
[White "Garbett, Paul Anthony"]
[Black "Watson, Bruce"]
[Result "0-1"]
[WhiteElo "2360"]
[BlackElo "2260"]
[EventDate "2000.05.20"]
[PlyCount "124"]

1.e4 c5 2.Nf3 e6 3.d4 cxd4 4.Nxd4 Nc6 5.Nc3 Qc7 6.Ndb5 Qb8 7.a4 a6 8.Na3 
Nf6 9.Bd3 Bc5 10.Nc4 d5 11.Nd2 d4 12.Ne2 e5 13.O-O O-O 14.h3 Bd7 15.Nb3 
Bd6 16.Bg5 Be7 17.Ng3 h6 18.Bd2 Qc7 19.Qf3 Nh7 20.Nf5 Bg5 21.h4 Bxd2 22.
Nxd2 Be6 23.Qg4 Bxf5 24.Qxf5 Rad8 25.Nc4 Qd7 26.Qf3 Nf6 27.Rfb1 a5 28.Ra3 
Qc7 29.Qf5 Nd7 30.h5 Nc5 31.Rf1 Qd7 32.Qxd7 Rxd7 33.Nb6 Rdd8 34.f3 Nb4 35.
Rc1 Rfe8 36.Kf1 Kf8 37.Ke2 Ke7 38.Kd2 f6 39.Bc4 Rd6 40.Nd5+ Nxd5 41.Bxd5 
Rb6 42.b3 Kd6 43.Rf1 Re7 44.Raa1 f5 45.g4 fxg4 46.fxg4 Nd7 47.Bf7 Nf6 48.
Bg6 Rc6 49.g5 Ng4 50.gxh6 gxh6 51.Rf8 Rec7 52.Rc1 Rc3 53.Rd8+ Ke7 54.Rd5 
Rg3 55.Bf5 Rg2+ 56.Ke1 Ne3 57.Rxe5+ Kf8 58.Rd5 Nxc2+ 59.Rxc2 Rcxc2 60.Kf1 
Rcf2+ 61.Ke1 Ra2 62.Kf1 Rgb2 0-1

[Event "zonal 3.2b"]
[Site "Auckland NZL"]
[Date "2000.05.24"]
[Round "5"]
[White "Smith, Robert"]
[Black "Lukey, Stephen"]
[Result "0-1"]
[WhiteElo "2300"]
[BlackElo "2235"]
[EventDate "2000.05.20"]
[PlyCount "62"]

1.e4 e6 2.d4 d5 3.e5 c5 4.c3 Nc6 5.Nf3 Bd7 6.Be2 f6 7.O-O cxd4 8.cxd4 fxe5
9.dxe5 Bc5 10.Nbd2 Nge7 11.Nb3 Bb6 12.Bd3 O-O 13.Qe2 Nf5 14.Bd2 Qe7 15.a3 
Be8 16.Bg5 Qd7 17.g4 Nh6 18.h3 Rxf3 19.Qxf3 Nxe5 20.Bxh7+ Kxh7 21.Qe2 Nhf7
22.Bf4 Qb5 23.Qc2+ Qd3 24.Rac1 Ba4 25.Bxe5 Nxe5 26.Qc3 Nf3+ 27.Kg2 Nh4+ 
28.Kh1 Qe4+ 29.f3 Qe2 30.Qd2 Qxd2 31.Nxd2 Be3 0-1